000 00521nam a22001697a 4500
003 MACL
005 20151010164343.0
008 151010b xxu||||| |||| 00| 0 eng d
040 _cMACL
041 _aHindi
082 _a741.642
100 _aप्रेमचंद
_9305
245 _aगबन/शर्त/टोबा टेक सिंह
260 _aनई दिल्ली
_bअलंकार प्रकाशन
_c1995
650 _aचिलड्रन बुक्स
_9343
942 _2ddc
_cHIN
999 _c50366
_d50366